000 00757nam a2200229Ia 4500
003 GCL
008 140319s9999 xx 000 0 ara d
040 _aGCL /
_cGCL
082 0 4 _a791.435
_bع خ
100 1 _aعبدالله احمد عبدالله
245 1 0 _aخمسون سنه سينما . /
_cعبدالله احمد عبدالله
260 _a[S.N] :
_bمكتبة مصر ،
_c1985
300 _a150 ص
490 _a
650 0 4 _aالافلام السينمائية
650 0 4 _aالاخراج السينمائى
650 0 4 _aالممثلون والممثلات
650 0 4 _aالسينمائيون المصريون
650 0 4 _aالانتاج السينمائى
650 0 4 _aالتمثيل فى السينما
942 _2ddc
_cBK
999 _c35064
_d35064